Normal view
MARC view
- الشافعي، شريف فتحي
Entry Personal Name
001 - CONTROL NUMBER
- control field: 51453
003 - CONTROL NUMBER IDENTIFIER
- control field: JO-AjAnu
005 - DATE AND TIME OF LATEST TRANSACTION
- control field: 20230606082450.0
008 - FIXED-LENGTH DATA ELEMENTS
- fixed length control field: 230606|| aca||aabn | a|a d
040 ## - CATALOGING SOURCE
- Original cataloging agency: JO-AjAnu
- Transcribing agency: JO-AjAnu
100 ## - HEADING--PERSONAL NAME
- Personal name: الشافعي، شريف فتحي
670 ## - SOURCE DATA FOUND
- Source citation: Work cat.: (JO-AjAnu)26297: الشافعي، شريف فتحي , author, التصميم الانشائي لطبقات الرصف بالطرق الاسفلتية